El ente y la esencia [aguilar] /
Guardado en:
| Autor Principal: | |
|---|---|
| Formato: | Libro |
| Publicado: |
Buenos Aires :
Aguilar,
1957
|
| Series: | Bibl. De Iniciacion Filos., 16
|
| Materias: | |
| Etiquetas: |
Agregar Etiqueta
Sin Etiquetas, Sea el primero en etiquetar este registro!
|
| LEADER | 00662nam a22001935a 4500 | ||
|---|---|---|---|
| 001 | EHU.bham003018 | ||
| 003 | AR-BHAM | ||
| 005 | 20070412162615.0 | ||
| 008 | 130507s1957##################000#0#####d | ||
| 082 | 1 | 8 | |a 189 |
| 100 | 1 | |a Tomas De Aquino, Santo | |
| 245 | 1 | 0 | |a El ente y la esencia [aguilar] / |c Santo Tomas De Aquino. |
| 260 | |a Buenos Aires : |b Aguilar, |c 1957 | ||
| 300 | |a 80 p. | ||
| 490 | 0 | |a Bibl. De Iniciacion Filos., 16 | |
| 500 | |a Trad. Del Latin, Prol. Y Notas De M.fuentes Benot | ||
| 653 | |a Filosofia medieval | ||
| 859 | |a AR-BHAM |b BIB. HUMANIDADES - General |h 189 |i T591-6 |p 261.92 |t Ej.1 | ||
| 859 | |a AR-BHAM |b BIB. HUMANIDADES - General |h 189 |i T591-6 |p 790.05 |t Ej.1 | ||
